Представление документа в формате MARC21

Поле Инд. ПП Название Значение
Тип записи a
Библиографический уровень m
001 Контрольный номер RU/IS/BASE/171038970
005 Дата корректировки 20210118152917.1
008 Кодируемые данные 20050602
022 a ISSN 0869-5377
041 a Код языка текста rus
084 a Индекс другой классификации/Индекс ББК 87; 60.0; 83; 81
090 a Полочн. индекс 95.2+87
097 00 a 110
245 00 a Заглавие Логос
b Продолж. заглавия философско-литературный журнал
n Номер части/ раздела №4/2005
c Ответственность учредители: Центр феномен. филос., филос. фак. РГГУ; Филос. фак. ГУ-ВШЭ; гл. ред. В. В. Анашвили
p Название части/ раздела Язык и национальное сознание
260 00 a Место издания М.
b Издательство Территория будущего
c Дата издания 2005
300 a Объем 258 с.
500 00 a Примечание Журнал
530 a Примеч. о доп. формах оглавление
600 a Персоналии Делёз Жиль
650 a Основная рубрика литературоведение
a Основная рубрика социальная философия
a Основная рубрика филологические науки
a Основная рубрика философия
a Основная рубрика языкознание
653 a Ключевые слова конструктивизм
a Ключевые слова культура
a Ключевые слова массовое сознание
a Ключевые слова национальная идентичность
a Ключевые слова национальное сознание
a Ключевые слова национальный стереотип
a Ключевые слова нация
a Ключевые слова примордиализм
a Ключевые слова социокультурный конфликт
a Ключевые слова этничность
a Ключевые слова язык
773 w Контрольный № источника RU/IS/BASE/406137614
900 a Имя электронного ресурса ~p_logos_4_05
d Дата загрузки макрообъекта 20100101
x Справочная информация Оглавление
901 t Тип документа s